| 000 | 00518ntaaa2200181 4500 | ||
|---|---|---|---|
| 003 | 01 | ||
| 005 | 20251027202340.0 | ||
| 008 | 0714s1973 ag 01 | ||
| 040 |
_aAR-BaBN _bspa _cAR-BaBN _eaacr _dRIC |
||
| 082 | _a296.9 V89 | ||
| 100 |
_aBalthasar, Hans Urs von _d1905-1988 _95294 |
||
| 245 |
_aMartin Buber and christianity / _cHans Urs von Balthasar |
||
| 260 |
_aLondon : _bHarvill Press, _cc1958 |
||
| 300 | _a127 p. | ||
| 500 | _aUn diálogo entre Israel y la iglesia | ||
| 650 |
_aJudaísmo _94672 |
||
| 942 | _cBK | ||
| 999 |
_c18371 _d18371 |
||